La función del síndico concursal en las acciones de recomposición patrimonial y extensión de quiebra (Registro nro. 11395)

Detalles MARC
000 -LEADER
fixed length control field 00371 a2200109 4500
001 - CONTROL NUMBER
control field ART_6364
005 - DATE AND TIME OF LATEST TRANSACTION
control field 20260410161619.0
008 - FIXED-LENGTH DATA ELEMENTS--GENERAL INFORMATION
fixed length control field 260409a
100 1# - MAIN ENTRY--PERSONAL NAME
Personal name Rodríguez, Raquel E.
245 10 - TITLE STATEMENT
Title La función del síndico concursal en las acciones de recomposición patrimonial y extensión de quiebra
773 0# - HOST ITEM ENTRY
Title Enfoques
Related parts - Nº 1 (ene. 2009)
Record control number REV416

No hay ítems disponibles.